Vista normal
Vista MARC
Entrada Personal Name
Número de registros utilizados en: 1
001 - CONTROL NUMBER
- control field: 8421
003 - CONTROL NUMBER IDENTIFIER
- control field: DLC
005 - DATE AND TIME OF LATEST TRANSACTION
- control field: 20181121110639.0
008 - FIXED-LENGTH DATA ELEMENTS
- fixed length control field: 800117n| acannaab| |n aaa |||
010 ## - LIBRARY OF CONGRESS CONTROL NUMBER
- LC control number: n 79151084
040 ## - CATALOGING SOURCE
- Original cataloging agency: DLC
- Transcribing agency: Mx-PuUPA
- Modifying agency: Mx-PuUPA
100 10 - HEADING--PERSONAL NAME
- Personal name: Ricketts, Robert M.,
375 ## - GENDER
- Gender: hombre
377 ## - ASSOCIATED LANGUAGE
- Language code: spa
670 ## - SOURCE DATA FOUND
- Source citation: Bioprogressive therapy, c1979- (a.e.)
- Information found: v. 1, t.p. (Robert M. Ricketts, DDS, MS)
670 ## - SOURCE DATA FOUND
- Source citation: Biblioteca del congreso (Estados Unidos), 21 noviembre 2018:
- Information found: catálogo electrónico
- Uniform Resource Identifier: https://goo.gl/xdtnSJ